000
00310nam a22001217a 4500
003
OSt
008
250127b |||||||| |||| 00| 0 eng d
041
_a
eng
100
_a
ISI
_9
7009
245
_a
Specification for Tractor Mounted Band for Men IS12334
260
_b
Indian Standard Institute,
_c
1973.
942
_c
BK
999
_c
19146
_d
19146